[Event "Mermaid Beach Club"]
[Site "Bermuda"]
[Date "1997.??.??"]
[Round "8"]
[White "Lesiege, Alexandre"]
[Black "Bezold, Michael"]
[Result "1/2-1/2"]
[WhiteElo "2500"]
[BlackElo "2500"]
[Annotator "Har Zvi,R"]
[PlyCount "61"]
[EventDate "1997.01.??"]
[EventType "tourn"]
[EventRounds "11"]
[EventCountry "BER"]
[EventCategory "11"]
[SourceTitle "CBM 058"]
[Source "ChessBase"]
[SourceDate "1997.06.01"]
[SourceVersion "1"]
[SourceVersionDate "1997.06.01"]
[SourceQuality "1"]

1. d4 {Mowsziszian,K} d6 2. e4 g6 3. Nf3 Bg7 4. Nc3 a6 5. a4 (5. Be2) 5... b6 (
5... Bg4) 6. Bc4 (6. Be3 e6 7. Qd2 Bb7 8. Bd3 Nd7 9. h3 c5 10. O-O Ngf6 11. Bh6
O-O {Gausel,E-Karlsson,La Stockholm 1990}) (6. Bd3 e6 7. e5 Bb7 8. Bg5 Qd7 9.
O-O h6 10. Bf4 g5 11. Bg3 Ne7 12. Re1 Kf8 13. h4 $36 {Boensch,U-Nikolaidis,I
Ano Liosia op 1995}) (6. h3 {Mowsziszian,K} e6 7. Bg5 Ne7 8. Qd2 h6 9. Bf4 Bb7
10. Be2 Nd7 11. Rd1 g5 12. Be3 f5 13. exf5 Nxf5 14. Qd3 O-O 15. Bc1 c5 16. dxc5
Nxc5 17. Qc4 Rc8 18. h4 Bxf3 19. gxf3 Nxh4 20. Qg4 Ng6 21. Ne4 Ne5 22. Qh3 g4 {
0-1 Yuferov,S-Chepukajtis,G/RUS-Cup1 Chigorin-mem (5) ;EXP 56 1996 (35)}) 6...
e6 (6... c6 7. O-O e6 8. Re1 Ne7 9. Bf4 h6 10. h4 $1 Ra7 11. Ne2 Rd7 12. c3 Bb7
13. Ng3 c5 14. Bd3 cxd4 15. cxd4 Nbc6 16. Be3 O-O 17. Qd2 $16 {Balashov,Y-Lupu,
M Schwaebisch Gmuend op 1994}) 7. O-O Ne7 8. Re1 (8. Qe2 h6 (8... Bb7 $5) 9. h3
O-O 10. Bf4 Bb7 11. Rad1 Nd7 12. Rfe1 Kh7 13. Bg3 Qb8 $6 (13... Nf6) 14. Ba2
$14 {/+/- Gabriel,C-Bischoff,K Altensteig 1994}) (8. Be3 Nd7 (8... Bb7 9. Qd2
h6 10. Bb3 Nd7 11. Ne1 g5 12. f4 gxf4 13. Bxf4 Ng6 14. Be3 Nf6 15. d5 Qe7 $13 {
Schneider,La-Akesson,R SVE-ch Malmo 1986}) 9. Qd2 h6 10. h4 Bb7 11. Rfe1 Nf6
12. Bd3 d5 (12... Ng4 $5) 13. Bf4 c5 14. dxc5 bxc5 15. exd5 Nexd5 16. Nxd5 Bxd5
17. Ne5 $16 {Vescovi,G-Vadasz,L Budapest 1993}) 8... h6 9. e5 (9. Bf4 {
Mowsziszian,K} Bb7 10. Qd2 Nd7 11. Bb3 g5 12. Bg3 Ng6 13. h3 Nf6 14. e5 Nh5 15.
d5 Nxg3 16. fxg3 O-O 17. dxe6 Bxf3 18. exd6 cxd6 19. exf7+ Kh8 20. gxf3 Ne5 21.
Kg2 Rc8 22. Rad1 Nc4 23. Bxc4 Rxc4 24. Re6 {1-0 Kleinplatz,S-Barlov,D/Candas
op (05) ;EXP 51 1996 (49)}) 9... Nd7 (9... d5 {Mowsziszian,K} 10. Bf1 $16) 10.
exd6 cxd6 11. Bf4 Nf6 (11... d5 {Mowsziszian,K} 12. Bxd5 exd5 13. Nxd5 $18) (
11... Qc7 {Mowsziszian,K} 12. Ne4 Nf5 13. g4 Qxc4 14. gxf5 O-O 15. Bxd6 $16)
12. d5 e5 13. Bxe5 {Mowsziszian: Wenn dieser taktische Schlag nicht erfolgt,
sind nach 12.d5 e5 die schwarzen Bauern beweglich.} dxe5 14. d6 (14. Nxe5 O-O (
14... Qd6 $2 15. Nc6 Bf8 16. Qd4 $40) 15. d6 Nf5 {leads to the game}) 14... Nf5
(14... Nc6 {Mowsziszian,K} 15. Nxe5 Nxe5 16. Rxe5+ Kf8 17. Re7 Be6 18. Bxe6
fxe6 19. Qd3 $1 $16) 15. Nxe5 O-O 16. Qf3 (16. Nxg6 Re8 17. Rxe8+ (17. Ne5 Nxd6
) (17. Ne7+ {Mowsziszian,K} Nxe7 18. dxe7 Qc7 $15) 17... Qxe8) 16... Ra7 (16...
Be6 $6 17. Bxe6 fxe6 18. Nxg6 $14 {/+/-}) 17. Rad1 (17. Nc6 Bb7 18. Nxd8 Bxf3
19. Nxf7 Rfxf7 20. gxf3 Nxd6 21. Bxf7+ Kxf7 $13 {=/+}) 17... Nxd6 (17... Bb7) (
17... Bb7 {Mowsziszian,K} 18. Qh3 Nxd6 $2 19. Nxf7 $1 Rxf7 20. Bxf7+ Kxf7 21.
Qe6+ $18) 18. Nc6 Qc7 (18... Bb7 $2 19. Nxd8 Bxf3 20. Rxd6) 19. Rxd6 (19. Nxa7
$2 Nxc4 20. Nxc8 Rxc8 $17) 19... Qxd6 20. Nxa7 Bd7 {the position has
simplified a little bit but still unclear white who had sacrifised a knight
for 2 pawns gained his piece back and has now an extra pawn,but black now has
the initiative,plus white's knight on a7 is far far from the game} (20... Bg4 {
Mowsziszian,K} 21. Ne4 Qb4 22. Nxf6+ Bxf6 23. Qe4 $16) 21. Bxa6 {in order the
give the knight on a7 a place on b5} Ng4 22. g3 Ne5 23. Qf4 (23. Qb7) (23. Qd5
$2 Qxd5 24. Nxd5 Nf3+) (23. Qb7 {Mowsziszian,K} Rb8 24. Nab5 Rxb7 25. Nxd6 Nf3+
26. Kh1 Ra7) 23... g5 $4 (23... Ra8 $1 {this is the most obvious move,just
trying to win a piece,since one of the factors that I just wrote after black's
20 move is the fact the white's knight is out of the game} 24. Nab5 (24. Ncb5
Qb8 {with simply Bxb5 on the next move winning a piece}) (24. Rd1 Qb8 25. Rxd7
Nxd7 26. Qxb8+ Nxb8 {[%csl Ra6,Ra7]}) 24... Qb8 (24... Qe7 {Mowsziszian,K} 25.
Bb7 Bxb5 $1 26. Bxa8 $2 Nf3+ $1 $19) 25. Bb7 Qxb7 26. Rxe5 Bxe5 27. Qxe5 Re8 {
[%cal Ge8e1]} 28. Nd6 Rxe5 29. Nxb7 Re1+ 30. Kg2 Bc6+) 24. Qe4 Re8 25. Rd1 Qb8
26. Bb5 (26. Qb7) 26... g4 {[%tqu "En","in his last move black played g4 with
the idea Nf3 check winning the queen white got scared by this threat do
you?think well queen is not a king yet if you lose it you do not lose the
game!!","","","b5d7","",0]} 27. Kg2 $6 (27. Bxd7 $1 Nxd7 (27... Nf3+ $2 28.
Qxf3 gxf3 29. Nc6 Qb7 30. Bxe8 {with so much material for white that I should
not even speak about this position}) 28. Qf5 (28. Nc6 Rxe4 29. Nxb8 Bxc3 30.
Nxd7 Bxb2 31. Nxb6) 28... Ne5 29. Nab5) 27... Nf3 28. Qf4 (28. Qd5 $142 {
it just seems something like not a bad idea to stay on the a8-h1 since black
has really nothing else but to try and cause problems to white's king along
throw this diagonal} Be6 29. Nc6 (29. Qh5 $6 {the queen is out of the game on
"h5"}) 29... Bxd5 30. Nxb8 Bxc3 31. Bxe8 Nd2+ 32. Kg1 Nf3+ 33. Kf1 Nxh2+ 34.
Ke2 Bf3+ 35. Kd3 Be5 $1 (35... Bxd1 36. Kxc3 $18) 36. Nd7 Bxg3 37. fxg3 (37.
Rd2 Bc7 $16 {/+-} (37... Bf4 38. Nxb6 Bxd2 39. Kxd2 $18)) 37... Bxd1 38. Nxb6
$16 {/+-}) 28... Qb7 29. Nd5 $8 (29. Rxd7 $4 Nh4+ 30. Kf1 Qh1#) (29. Bxd7 $4
Nh4+ 30. Kf1 Qh1#) 29... Re1 (29... Bxb5 {Mowsziszian,K} 30. Nxb5 Re1 31. Rxe1
Nxe1+ 32. Kf1 Qxd5 33. Kxe1 Bxb2 34. Qxg4+ $16) 30. Rxe1 Nxe1+ 31. Kf1 $16 {
I believe that there was a serious time trouble or that white needed a draw
because the position it self his of course better for white,if black playes 31.
..Nxc2 then white has the strong 32.Nc6+/- and if black take the knight on d5
31...Qxd5 then 32.Kxe1 Bxb2 33.Bxd7 Bc3 34.Ke2 Qxd7 35.Nb5 with an extra pawn
I see no reason for white not to play this position!} (31. Kf1 {Mowsziszian,K}
Qxd5 32. Kxe1 Bxb2 33. Bxd7 Qxd7 34. Nb5 $16) 1/2-1/2

[Event "Presidents Cup "]
[Site "Elista"]
[Date "1998.05.08"]
[Round "1.2"]
[White "Kozak, Alexander"]
[Black "Dreev, Alexey"]
[Result "0-1"]
[WhiteElo "2365"]
[BlackElo "2630"]
[Annotator "Har Zvi,R"]
[PlyCount "87"]
[EventDate "1998.05.07"]
[EventType "k.o."]
[EventRounds "6"]
[EventCountry "RUS"]
[SourceTitle "CBM 065"]
[Source "ChessBase"]
[SourceDate "1998.08.06"]
[SourceVersion "1"]
[SourceVersionDate "1998.08.06"]
[SourceQuality "1"]

1. e4 c5 2. c3 d5 3. exd5 Qxd5 4. d4 g6 5. Nf3 Bg7 6. Be3 (6. Na3 cxd4 7. Nb5
Na6 8. Nfxd4 $6 $146 Nf6 9. Qf3 O-O 10. Qxd5 (10. Be2 $5) 10... Nxd5 $11 {
0-1 Atlas,D-Pelletier,Y/Zonal 1.1 1998/CBM 65_03 (33)}) 6... Nf6 $5 {a very
interesting move with a correct idea,black wants to delay the capture on "d4"
until white moves his "'b1" knight so that he will not be able to play Nc3} (
6... cxd4 7. cxd4 Nf6 (7... Nh6 $4 {HarZvi} 8. Qc1 {[%cal Gc1c8,Ge3h6]} (8. Nc3
{funny,very funny!} Qa5 9. Bb5+ Bd7 10. Bxd7+ Nxd7 11. Qb3 {1-0 Onoprienko,
V-Kostin,S/RUS-Cup8 1997/EXP 58 (32)})) 8. Nc3 Qd8 (8... Qa5 9. Bc4 O-O 10. h3
Nbd7 11. O-O Nb6 12. Bb3 Nbd5 13. Bd2 Qd8 $13) 9. Bc4 (9. d5 O-O 10. Bc4 Na6
11. O-O Nc7 12. Qb3 Nce8 13. h3 Nd6 14. Be2 Bd7 $11 {0-1 Yagupov,I-Morozevich,
A/RUS-ch 1992/EXT 92ch (47)}) 9... O-O 10. O-O (10. h3 $5 Nc6 11. a3) 10... Nc6
11. d5 (11. h3 Na5 12. Bd3 b6 {[%cal Gc8b7]}) 11... Na5 12. Be2 Bg4 13. Re1 Rc8
14. Bd4 (14. Bxa7 b6 {[%csl Ra7]}) 14... a6 15. h3 Bxf3 16. Bxf3 Nc4 17. Re2
$11 {1-0 Zifroni,D-Kengis,E/EUCup G2 1997/CBM 62/[HarZvi] (40)}) 7. Na3 (7.
dxc5 Qxd1+ 8. Kxd1 Ng4 9. Nbd2 O-O $44) 7... cxd4 $1 8. Nb5 O-O $1 {this is
the point,black is not forced to play Na6,after Na6 white's position is fine,
but here he is already in some problems} (8... Na6 9. Qxd4 $14) 9. Qxd4 (9. Nc7
$2 Qc6 10. Nxa8 dxe3 11. Nd4 (11. fxe3 b6 $19) 11... exf2+ 12. Kxf2 Qc5 $19) (
9. Bxd4 Nc6 10. Nc7 Qe4+ $15) (9. Nbxd4 Ng4 $15) (9. Nfxd4 Na6 $15) 9... Nc6
10. Qh4 (10. Qxd5 Nxd5 11. Bd2 Bg4 $15) 10... Ng4 11. Bd2 (11. Nc7 $2 Qa5 $1 {
better than Bxc3} 12. Nxa8 Bxc3+ 13. Bd2 (13. Ke2 Qb5+ 14. Kd1 Qxb2 $19) (13.
Kd1 Rd8+ 14. Kc1 Qb4 $1 15. Rb1 Bxb2+ 16. Rxb2 Qc3+ 17. Kb1 (17. Rc2 Qa1#)
17... Rd1+ 18. Bc1 Rxc1#) (13. bxc3 Qxc3+ 14. Ke2 Qxa1 $19) 13... Bxd2+ 14.
Nxd2 Qe5+ 15. Be2 (15. Kd1 Rd8 $19) 15... Nd4 16. O-O g5 17. Qh5 $8 (17. Qh3
Nxe2+ 18. Kh1 Nxf2+ $19) 17... Nxe2+ 18. Kh1 Nf4 $19 {0-1 Sepp,O-Ehlvest,J/
Riga zt 1995/CBM 47/[Chekhov] (31)}) 11... Bf5 12. Nc7 $2 (12. Be2 $142) 12...
Qe4+ 13. Be2 Bf6 $1 (13... Rac8 $4 14. Ng5 $18 {[%csl Re4,Rh7]}) 14. Bg5 (14.
Ng5 Bxg5 15. Qxg5 Qxg2 $19) 14... Rac8 15. h3 (15. Nb5 Qc2 $17 {/-+}) (15. Bxf6
exf6 16. h3 Rxc7 (16... Nxf2 17. Kxf2 Rxc7 18. Qxf6 Qc2 $17) (16... Nge5 17.
Qxe4 Bxe4 18. Nb5) 17. hxg4 g5 $1 18. Qh2 Re7 19. Ng1 Bg6 $19) 15... Nxf2 16.
Qxf2 (16. Kxf2 Rxc7 (16... Qxh4+ 17. Bxh4 Rxc7 $17 (17... Bxh4+ 18. Nxh4 Rxc7
$17)) 17. Bxf6 exf6 18. Qxf6 Qc2 $17) 16... Rxc7 17. Bxf6 exf6 18. O-O Qc2 $1
$17 19. Bb5 Qxf2+ 20. Rxf2 Be6 $1 {white was threatening Bxc6 followed by Nxd4,
black who does not want to destroy his pawn formation on the queen's side
makes it now possible for him to take on "c6" with his rook} 21. Rd2 (21. Bxc6
Rxc6 22. Nd4 Rb6 $140 $17 23. Rxf6 Rxb2 24. Nxe6 fxe6 25. Rxe6 Rff2 $19) 21...
Ne5 22. Nd4 (22. Be2 Re8) 22... a6 23. Bf1 Rd7 $17 {/-+ black has big
advantage,not winning yet,but in this position the much better player is with
the much better position it means that although the position is now winning,
you can say he is!} 24. Rf2 Kg7 25. Re1 h5 (25... Bxa2 $2 26. b3) 26. g3 {
white feared from h4 by black,but by playing g3 he creates many weaknesses on
the king's side the g3-h3 pawns and not forget the "f3" square too} Rfd8 27. a3
Bd5 28. Re3 Rd6 {white really has nothing to do just waiting for black} 29. Bg2
b5 30. Bxd5 Rxd5 31. Kg2 (31. b3 a5 {[%cal Gb5b4]}) 31... a5 32. Nb3 Nc6 $1 {
taking the "d4" square away from white knight} 33. Re1 a4 34. Nc1 Ne5 $19 {
[%csl Rb2][%cal Ge5c4] now white has weaknesses on both sides of the board,
that is more than any one can ask for} 35. Ref1 Nc4 36. Re1 Re5 37. Rg1 (37.
Rxe5 fxe5 38. Na2 e4) 37... Re3 38. Rgf1 f5 39. Kh2 Kf6 40. Na2 (40. g4 hxg4
41. hxg4 Rh8+ 42. Kg2 Reh3) 40... h4 41. g4 (41. gxh4 Rdd3) 41... Rdd3 42. gxf5
Rxh3+ 43. Kg1 Rdg3+ 44. Rg2 0-1

[Event "Vidmar Memorial 13th"]
[Site "Portoroz"]
[Date "1999.06.17"]
[Round "5"]
[White "Kozul, Zdenko"]
[Black "Stohl, Igor"]
[Result "1-0"]
[WhiteElo "2585"]
[BlackElo "2573"]
[Annotator "Hazai,L"]
[PlyCount "61"]
[EventDate "1999.06.??"]
[EventType "tourn"]
[EventRounds "10"]
[EventCountry "SLO"]
[EventCategory "14"]
[SourceTitle "CBM 072"]
[Source "ChessBase"]
[SourceDate "1999.10.01"]
[SourceVersion "1"]
[SourceVersionDate "1999.10.01"]
[SourceQuality "1"]

1. Nf3 c5 2. e3 {By this means White can hardly pretend for an opening
advantage.} g6 3. d4 Bg7 4. Be2 Nf6 5. O-O {The position now has some
similarities to the Katalan.} cxd4 (5... O-O 6. dxc5 Qa5 7. a3 Qxc5 8. b4 Qc7
9. Bb2 {is a well-known Katalan method for White.}) 6. exd4 d5 {Now it looks
like a Caro Kann exchange line, where the B is usally more active on d3 than
on e2.} 7. Bf4 (7. c3 {is the ''normal'' move here.}) 7... Qb6 $2 {Black wants
to punish White sparing c3, but at the end he has to lose some tempi.} (7...
O-O {was good and simple with some minority attack ideas in the future.}) 8.
Nc3 $1 {Usually the N is bad on c3, but here he can make profit from the badly
placed Q.} O-O (8... Qxb2 $4 {loses to} 9. Nb5 Na6 10. Rb1 Qxa2 11. Ra1 Qb2 12.
Rxa6 bxa6 13. Nc7+ $18) 9. Na4 $1 {improving the N's position.} Qd8 10. Nc5 Nc6
11. c3 Nh5 {This is an inferior plan. The correct plan involves} (11... b6 $1
12. Nd3 Bg4 {Black has to solve the problem of his bad B.} 13. h3 Bxf3 14. Bxf3
Rc8 15. Re1 e6 {with a massive, but a bit passive position for Black, where
the loss of the ^^ is not that important.}) 12. Be3 Qc7 {/\ Nf4, but the whole
manoeuvre doesn't improve much on Black's position.} 13. Re1 (13. Qd2 f5 14.
Bh6 {looks also tempting for White.}) 13... Nf4 14. Bb5 {fighting for the e5
square.} Ne6 {finally Black has exhanged his busy N, but this was not a big
deal.} 15. Nxe6 Bxe6 16. Qd2 Rfe8 $6 {Black wants to avoid the exhange of the
dark-squared bishops, which is understandable, but forgets about his bad one
on e6.} (16... Bg4 17. Bf4 Qd8 18. Ne5 (18. Bxc6 bxc6 19. Ne5 Bxe5 20. Bxe5 f6)
18... Nxe5 19. Bxe5 $14 {gave only a small plus for White.}) 17. Bh6 Bf6 18.
Re3 Bd7 ({Now} 18... Bg4 {is already met by} 19. Ne5) 19. Rae1 e6 {/\ Ne7, but
now the light-squared B is dead, and the weakness of the dark squares begin to
tell.} (19... Na5 20. Bd3 Nc4 21. Bxc4 dxc4 22. Bg5) 20. Bxc6 $1 {The N was
more important than the B. Now White has a pressure on e5, and good attacking
chances on the >>, which is only defended by the f6 B.} Bxc6 21. h4 $1 {
The signal for the ->. Black's heavy artillery is not a good defender!} Bg7 {
Sad, but true. Black gives up his single defender weakening the dark squares
forever.} 22. Bxg7 Kxg7 23. h5 Re7 (23... gxh5 24. Ne5) 24. Re5 $1 {Now
White's -> is not easy to stop.} Rf8 25. Nh2 $1 {/\ Ng4} Qd6 26. hxg6 f6 {[#]}
(26... hxg6 {was also hopeless after} 27. Ng4 Rh8 28. Qg5) 27. Ng4 $1 $18 {
[%mdl 512] This nice R sacrifice decides the battle immediately.} fxe5 28. Qh6+
Kg8 29. dxe5 $1 {Very nice!} Qd8 30. Nf6+ Kh8 (30... Rxf6 31. exf6) 31. Nxh7
1-0

[Event "RUS-ch 54th"]
[Site "Elista"]
[Date "2001.05.09"]
[Round "9"]
[White "Sveshnikov, Evgeny"]
[Black "Inarkiev, Ernesto"]
[Result "0-1"]
[WhiteElo "2571"]
[BlackElo "2469"]
[Annotator "Hecht,H"]
[PlyCount "241"]
[EventDate "2001.04.29"]
[EventType "swiss"]
[EventRounds "9"]
[EventCountry "RUS"]
[SourceTitle "CBM 083"]
[Source "ChessBase"]
[SourceDate "2001.07.05"]
[SourceVersion "1"]
[SourceVersionDate "2001.07.05"]
[SourceQuality "1"]

1. e4 g6 2. d4 Bg7 3. Nc3 c5 4. dxc5 Qa5 5. Nge2 Nf6 6. e5 Ng4 7. f4 Qxc5 8.
Ne4 Qa5+ 9. N2c3 f5 10. exf6 Nxf6 11. Nxf6+ Bxf6 12. Bd2 Bg7 13. h4 Nc6 14. h5
O-O 15. hxg6 h6 16. Rh5 Qb4 17. Qe2 Qxb2 18. Rb1 Qa3 19. Rb3 Qd6 20. f5 Qg3+
21. Kd1 Nd4 22. Qxe7 Nxf5 23. Bc4+ d5 24. Nxd5 Qg4+ 25. Qe2 Qxe2+ 26. Bxe2 Be6
27. Bc4 Rae8 28. Rxb7 Nd6 29. Rxg7+ Kxg7 30. Bxh6+ Kxg6 31. Bxf8 Bg4+ 32. Kc1
Nxc4 33. Rh6+ Kg5 34. Rh1 Rxf8 35. Re1 Rf5 36. Nb4 Rf2 37. Nd3 Rxg2 38. Ne5 Bf5
39. Nf3+ Kf4 40. Nd4 Be4 41. a4 a5 42. Kb1 Rd2 43. Ne6+ Kf5 44. Re2 Kxe6 45.
Rxe4+ Kd5 46. Re8 Kd4 47. Rb8 Rd1+ 48. Ka2 Rc1 49. Rd8+ Kc3 50. Rd3+ Kb4 51.
Rb3+ Kxa4 52. Rc3 Kb4 53. Rb3+ Kc5 54. c3 Kc6 55. Rb8 Rc2+ $2 (55... Rxc3 $19)
56. Kb3 Rb2+ 57. Ka4 {Offenbar wollte Schwarz rasch gewinnen und hatte diesen
Pattscherz nicht auf der Rechnung.} Ra2+ 58. Kb3 Rb2+ 59. Ka4 Nb6+ 60. Kxa5
Rb5+ 61. Ka6 Rb1 62. Ka5 Kc5 63. Ka6 Rb3 64. Rh8 Kc6 65. Rh6+ Kc7 66. Ka5 Rb1
67. Rg6 Nd5 68. c4 Nb6 69. c5 Nd7 70. Ka4 Nxc5+ 71. Ka3 Ne4 72. Ka2 Rb5 73. Re6
Nd6 74. Re3 Nc4 75. Re6 Rb2+ 76. Ka1 Rh2 77. Ra6 Nb6 78. Ra2 Rh3 79. Rg2 Kc6
80. Kb2 Kc5 81. Rg5+ Kb4 82. Kc2 Nc4 83. Rg8 Rc3+ 84. Kd1 Re3 85. Kc2 Rc3+ 86.
Kd1 Kc5 87. Ke2 Kd4 88. Rd8+ Ke4 89. Re8+ Ne5 90. Kd2 Rc7 91. Re6 Rc8 92. Re7
Kd4 93. Rh7 Ra8 94. Rh4+ Kd5 95. Kc3 Ra3+ 96. Kc2 Rg3 97. Rh8 Nc6 98. Kd2 Ra3
99. Rg8 Kc4 100. Rc8 Kc5 101. Rh8 Kd5 102. Rh5+ Kc4 103. Rh8 Rd3+ 104. Ke2 Nd4+
105. Kf2 Rf3+ 106. Kg2 Rf7 107. Ra8 Kd5 108. Re8 Ne6 109. Kg3 Nc5 110. Rd8+ Ke5
111. Re8+ Kd4 112. Ra8 Ke3 113. Kg4 Rf4+ 114. Kg5 Ne4+ 115. Kg6 Rf6+ 116. Kg7
Rb6 117. Ra1 Kf4 118. Rf1+ Ke5 119. Re1 Rb3 120. Kg6 Rg3+ 121. Kf7 {Resigned
in a draw position} 0-1

[Event "ISR-ch"]
[Site "Jerusalem"]
[Date "1996.??.??"]
[Round "3"]
[White "Vydeslaver, Alik"]
[Black "Tseitlin, Mark D"]
[Result "1-0"]
[WhiteElo "2440"]
[BlackElo "2540"]
[Annotator "Hecht,H"]
[PlyCount "89"]
[EventDate "1996.10.26"]
[EventType "swiss"]
[EventRounds "9"]
[EventCountry "ISR"]
[SourceTitle "CBM 056"]
[Source "ChessBase"]
[SourceDate "1997.02.01"]
[SourceVersion "1"]
[SourceVersionDate "1997.02.01"]
[SourceQuality "1"]

1. e4 d6 2. d4 g6 3. Nf3 Bg7 4. Bc4 Nf6 5. Qe2 O-O 6. e5 dxe5 7. dxe5 Nd5 8.
O-O c6 9. Rd1 Bg4 10. h3 Bxf3 11. Qxf3 e6 12. Qe2 Nd7 13. f4 f6 14. exf6 Qxf6
15. Nc3 N7b6 16. Nxd5 exd5 17. Bd3 Rae8 18. Qf3 Na4 19. c3 b5 20. Bc2 Qe7 21.
Rb1 Nb6 22. Bd3 Nc4 23. Qf2 a5 24. a4 bxa4 25. Bxc4 dxc4 26. Ra1 Qb7 27. Be3
Qb5 28. Bc5 Rf5 29. Bd4 Rd5 30. Bxg7 Kxg7 31. Re1 Rdd8 32. Rxe8 Rxe8 {[#]_|_
Eleganter Mattangriff unter P-Opfer} 33. Rd1 c5 {sperrt die Q aus} (33... Qf5
34. Qd4+ $16 {[%csl Ra4,Rc4,Rc6]}) 34. f5 $1 Rf8 (34... Qc6 $5) 35. Qh4 Rxf5
36. Qe7+ Rf7 (36... Kh6 37. Rd7 Qxb2 38. Qxh7+ Kg5 39. Qe7+ Kf4 (39... Rf6 40.
Rd5+ $18) (39... Kh6 40. Qh4+ Rh5 41. Qf4+ Rg5 42. Qf8+ $18) 40. Qh4+ Ke3 (
40... Ke5 41. Qe1+ Kf4 42. g3+ Kf3 (42... Kg5 43. Qe7+ $18) 43. Rd2 Qb8 44.
Rf2+ $18) 41. Qe1+ Kf4 42. g3+) 37. Qe5+ Kh6 38. Rd4 Rf5 39. Qe3+ (39. Rh4+ Kg5
(39... Rh5 40. Rxh5+ gxh5 41. Qf6#) 40. Qe7+ Rf6 41. Qe3+ Kxh4 42. Qh6+ Kg3 43.
Qg5#) 39... Kg7 40. Qe7+ Rf7 41. Qe5+ Kg8 42. Rd8+ Rf8 43. Qe6+ Kg7 44. Rd7+
Kh6 45. Qe3+ 1-0

[Event "Moscow Petrosian Memorial"]
[Site "Moscow"]
[Date "1995.??.??"]
[Round "3"]
[White "Obodchuk, Andrei"]
[Black "Gorbatov, Alexej"]
[Result "1-0"]
[WhiteElo "2430"]
[BlackElo "2410"]
[Annotator "Hecht,H"]
[PlyCount "154"]
[EventDate "1995.??.??"]
[EventType "tourn"]
[EventRounds "11"]
[EventCountry "RUS"]
[EventCategory "10"]
[SourceTitle "CBM 046"]
[Source "ChessBase"]
[SourceDate "1995.06.01"]
[SourceVersion "1"]
[SourceVersionDate "1995.06.01"]
[SourceQuality "1"]

1. d4 g6 2. e4 Bg7 3. Nc3 d6 4. Be3 a6 5. Qd2 Nd7 6. f4 e6 7. Nf3 Ne7 8. Bd3 b5
9. a4 b4 10. Ne2 c5 11. O-O Bb7 12. f5 cxd4 13. Nexd4 e5 14. fxg6 hxg6 15. Nb3
d5 16. Ng5 O-O 17. Qf2 Bf6 18. Qh4 Bxg5 19. Bxg5 f6 20. Bh6 Rf7 21. Rad1 Qb6+
22. Kh1 Rc8 23. Nd2 Qe6 24. exd5 Bxd5 25. Be3 Rh7 26. Qg3 f5 27. Bg5 f4 28. Qf2
Nf5 29. Rfe1 Ne3 30. Rxe3 fxe3 31. Qxe3 Rh3 32. Qe2 Rh5 33. Ne4 Kh8 34. Bd2 Rf8
35. Ng5 Qc6 36. Kg1 Qf6 37. Ne4 Bxe4 38. Bxe4 Nc5 39. Bf3 e4 {Stohl: Strange
play from 39...e4 till 42.Qd5 - maybe zeitnot?} 40. Bxh5 gxh5 41. Qxh5+ Kg8 42.
Qd5+ Ne6 43. h3 Qd4+ 44. Qxd4 Nxd4 45. Bxb4 Ne2+ 46. Kh2 Rb8 47. Ba3 Rc8 48. c3
Nf4 49. Re1 Rc4 50. b3 Rxc3 51. Rxe4 Rxb3 52. Rxf4 Rxa3 53. Rg4+ Kh7 54. Rc4 a5
55. h4 Rb3 56. Rc5 (56. g3 Rb4 57. Rxb4 axb4 58. a5 b3 59. a6 b2 60. a7 b1=Q
61. a8=Q Qc2+ 62. Qg2 $18) 56... Rb4 57. Rxa5 Rxh4+ 58. Kg3 {Die beiden Bauern
gewinnen einfach.} Rb4 59. Ra6 Kg7 60. Kh3 Rc4 61. a5 Rc5 62. g4 Rd5 63. Kh4
Kh7 64. g5 Rd1 (64... Kg7 65. Kh5 $18) 65. Rb6 Ra1 66. a6 Rg1 67. Kh5 Rh1+ 68.
Kg4 Rf1 69. Rf6 Ra1 70. Kf5 Ra5+ 71. Kf4 Kg7 72. Rc6 Rd5 73. g6 Kh6 74. Ke4 Ra5
75. Kd4 Rf5 76. Kc4 Kg7 77. Kb4 Rf1 1-0